Sports Quiz

Random Sports or WWE Quiz

WWE 1997 PPV Main Events Quiz Stats

 Plays Quiz not verified by Sporcle

Score 0/15 Timer 03:00
0 Plays Today
PPV's Main Evented Answer % Correct
Final Four, Revenge of the 'Taker, A Cold Day in Hell, Canadian StampedeStone Cold Steve Austin
97.1%
Final Four, Wrestlemania 13, A Cold Day in Hell, King of the Ring, Summerslam, Ground Zero, Badd BloodThe Undertaker
96.2%
Final Four, Revenge of the 'Taker, Canadian Stampede, Summerslam, Survivor SeriesBret Hart
95.2%
Canadian StampedeOwen Hart
95.2%
Royal Rumble, Ground Zero, One Night Only, Badd Blood, Survivor Series, D-Generation X Shawn Michaels
93.3%
Royal Rumble, Wrestlemania 13Sycho Sid
91.4%
Canadian Stampede, One Night OnlyBritish Bulldog
87.6%
Final FourVader
84.8%
PPV's Main Evented Answer % Correct
Canadian StampedeJim Neidhart
82.9%
Canadian StampedeBrian Pillman
80%
Canadian Stampede, D-Generation XKen Shamrock
77.1%
Canadian StampedeGoldust
72.4%
Canadian StampedeRoad Warrior Animal
65.7%
Canadian StampedeRoad Warrior Hawk
65.7%
King of the RingFaarooq
47.6%

You're not logged in!

Compare scores with friends on all Sporcle quizzes.
OR
Log In

Sporcle TV

Today on Sporcle TV


Watch our educational content, quiz creation guides, and fun videos on Sporcle TV.

Show Comments

Extras

Created Aug 29, 2017ReportNominate
Tags:WWE Quiz, 1997, event, PPV, PPV Main

Top Quizzes Today


Score Distribution

Your Account Isn't Verified!

In order to create a playlist on Sporcle, you need to verify the email address you used during registration. Go to your Sporcle Settings to finish the process.

Report this User

Report this user for behavior that violates our Community Guidelines.

Details: